000 00468pab a2200169 454500
008 180718b2001 xxu||||| |||| 00| 0 eng d
100 _aKorac-Kakabadse, Nada
245 _aLeadership renewal: towards the philosophy of wisdom
260 _c2001
300 _ap.207-27
362 _aJun
650 _aLeadership
700 _aKouzmin, Alexander
700 _aKorac-Kakabadse, Andrew
773 _aInternational Review of Administrative Sciences
909 _a49221
999 _c49221
_d49221